[Event "CRI-chT"]
[White "Granados Ramirez, Carlos Ricardo"]
[Black "Avendano Porras, Rodrigo"]
[Site "San Jose"]
[Round "6.2"]
[Result "0-1"]
[Date "2024.06.09"]
[WhiteElo "2113"]
[BlackElo "1925"]
[PlyCount "92"]
[EventDate "2024.04.28"]
[EventType "team-swiss"]
[EventRounds "7"]
[EventCountry "CRI"]
[SourceTitle "EXT 2025"]
[Source "ChessBase"]
[SourceDate "2024.10.14"]
[SourceVersion "1"]
[SourceVersionDate "2024.10.14"]
[SourceQuality "1"]
[WhiteTeam "Millenium"]
[BlackTeam "Santa Barbara"]
[WhiteTeamCountry "CRI"]
[BlackTeamCountry "CRI"]

1. e4 c5 2. Nf3 Nc6 3. Bb5 Nf6 4. Bxc6 dxc6 5. d3 g6 6. h3 Bg7 7. Nc3 Nd7 8. Be3 e5 9. Qd2 h6 10. a3 a5 11. Nh2 a4 12. 0-0 Qe7 13. Kh1 Nf8 14. Rae1 Ne6 15. Ne2 g5 16. Ng3 h5 17. Nf5 Qf6 18. Nd6+ Kd7 19. Nc4 Qd8 20. b4 axb3 21. cxb3 b5 22. Nb2 Rxa3 23. Ra1 Rxa1 24. Rxa1 Bf8 25. Nf1 g4 26. Ng3 gxh3 27. gxh3 Qh4 28. Ra7+ Ke8 29. Ra8 Qxh3+ 30. Kg1 Nc7 31. Rxc8+ Qxc8 32. Nf5 Qe6 33. Qa5 Kd7 34. Qc3 h4 35. Bxc5 Bxc5 36. Qxc5 Ra8 37. Kg2 Rg8+ 38. Kf3 Rg5 39. Nd1 Rxf5+ 40. exf5 Qxf5+ 41. Ke2 h3 42. f3 h2 43. Nf2 Ne6 44. Qa7+ Ke8 45. Ne4 Kf8 46. Qa1 Nd4+ 0-1

[Event "CRI-chT"]
[White "Granados Ramirez, Carlos Ricardo"]
[Black "Jimenez Sancho, Pedro Pablo"]
[Site "San Jose"]
[Round "1.1"]
[Result "1-0"]
[Date "2024.04.28"]
[WhiteElo "2113"]
[BlackElo "1834"]
[PlyCount "65"]
[EventDate "2024.04.28"]
[EventType "team-swiss"]
[EventRounds "7"]
[EventCountry "CRI"]
[SourceTitle "EXT 2025"]
[Source "ChessBase"]
[SourceDate "2024.10.14"]
[SourceVersion "1"]
[SourceVersionDate "2024.10.14"]
[SourceQuality "1"]
[WhiteTeam "Millenium"]
[BlackTeam "Santa Barbara II"]
[WhiteTeamCountry "CRI"]
[BlackTeamCountry "CRI"]

1. e4 e5 2. Nf3 Nf6 3. d3 d5 4. Nbd2 Nc6 5. Be2 Bc5 6. 0-0 0-0 7. c3 a5 8. a4 h6 9. h3 Rb8 10. Re1 dxe4 11. dxe4 Qe7 12. Bf1 Be6 13. Bb5 Nd7 14. Qe2 Qf6 15. Nf1 Qg6 16. Kh1 Rbe8 17. Ng3 Qh7 18. Be3 Be7 19. Rad1 Kh8 20. Bc4 Nc5 21. Bd5 Nxa4 22. Qb5 Nb6 23. Bxe6 fxe6 24. Bxb6 cxb6 25. Qxb6 Nd8 26. Qxa5 Bf6 27. Rd7 h5 28. h4 Qg6 29. Nxe5 Bxe5 30. Qxe5 Nc6 31. Qxh5+ Qxh5 32. Nxh5 g6 33. Ng3 1-0

[Event "San Jose op"]
[White "Alvarez Fernandez, David"]
[Black "Granados Ramirez, Carlos Ricardo"]
[Site "San Jose"]
[Round "9"]
[Result "1/2-1/2"]
[Date "2013.07.21"]
[WhiteElo "2168"]
[BlackElo "2129"]
[PlyCount "33"]
[EventDate "2013.06.29"]
[EventType "swiss"]
[EventRounds "9"]
[EventCountry "CRI"]
[SourceTitle "EXT 2014"]
[Source "ChessBase"]
[SourceDate "2013.11.20"]
[SourceVersion "1"]
[SourceVersionDate "2013.11.20"]
[SourceQuality "1"]

1. e4 e6 2. d3 d5 3. Nd2 c5 4. g3 Nc6 5. Bg2 g6 6. Ngf3 Bg7 7. 0-0 Nge7 8. Re1 Qc7 9. Nf1 0-0 10. c3 h6 11. h4 dxe4 12. dxe4 Rd8 13. Qc2 e5 14. Be3 b6 15. Rad1 Be6 16. N1d2 Rac8 17. b3 1/2-1/2

[Event "San Jose op"]
[White "Nunez Valverde, Jairo"]
[Black "Granados Ramirez, Carlos Ricardo"]
[Site "San Jose"]
[Round "4"]
[Result "0-1"]
[Date "2013.07.06"]
[WhiteElo "1934"]
[BlackElo "2129"]
[PlyCount "86"]
[EventDate "2013.06.29"]
[EventType "swiss"]
[EventRounds "9"]
[EventCountry "CRI"]
[SourceTitle "EXT 2014"]
[Source "ChessBase"]
[SourceDate "2013.11.20"]
[SourceVersion "1"]
[SourceVersionDate "2013.11.20"]
[SourceQuality "1"]

1. e4 e6 2. d4 d5 3. c4 dxe4 4. Nc3 Nf6 5. Bg5 Be7 6. f3 Nc6 7. d5 exd5 8. cxd5 Nxd5 9. Bxe7 Ndxe7 10. Qxd8+ Nxd8 11. Nxe4 Ne6 12. Bc4 Bd7 13. 0-0-0 0-0-0 14. Ne2 h6 15. Kb1 Nf5 16. Rd3 Bc6 17. Rhd1 Ne3 18. Rxd8+ Rxd8 19. Bxe6+ fxe6 20. Rxd8+ Kxd8 21. Nf4 Bxe4+ 22. fxe4 Kd7 23. h4 e5 24. Nd3 Kd6 25. Ne1 Kc5 26. Nf3 Nxg2 27. Kc2 Kd6 28. Kd3 Nf4+ 29. Ke3 Ke6 30. b4 Kf6 31. a3 g5 32. hxg5+ hxg5 33. Nd2 c6 34. Nc4 Ne6 35. Nd6 b5 36. Nc8 a6 37. Nd6 c5 38. bxc5 Nxc5 39. Ne8+ Kg6 40. Nc7 g4 41. Nd5 Kg5 42. Ne7 Nb7 43. Nc6 Nd6 0-1

[Event "CRI-chT"]
[White "Fonseca Cabrera, Ernesto Gregorio"]
[Black "Granados Ramirez, Carlos Ricardo"]
[Site "San Jose"]
[Round "2.2"]
[Result "1/2-1/2"]
[Date "2012.07.22"]
[WhiteElo "2211"]
[BlackElo "2116"]
[PlyCount "46"]
[EventDate "2012.07.22"]
[EventType "team-tourn"]
[EventRounds "9"]
[EventCountry "CRI"]
[SourceTitle "EXT 2013"]
[Source "ChessBase"]
[SourceDate "2012.11.22"]
[SourceVersion "1"]
[SourceVersionDate "2012.11.22"]
[SourceQuality "1"]
[WhiteTeam "Construterra"]
[BlackTeam "Mapache"]
[WhiteTeamCountry "CRI"]
[BlackTeamCountry "CRI"]

1. d4 Nf6 2. Nf3 g6 3. c4 Bg7 4. Nc3 0-0 5. g3 d6 6. Bg2 Nbd7 7. 0-0 e5 8. e4 Re8 9. h3 exd4 10. Nxd4 Nc5 11. f3 a5 12. b3 Nfd7 13. Bb2 Ne5 14. Nce2 a4 15. Qc2 c6 16. Bc3 Qb6 17. Kh2 axb3 18. axb3 Rxa1 19. Rxa1 h5 20. Ba5 Qa7 21. Bc3 Qb6 22. Ba5 Qa7 23. Bc3 Qb6 1/2-1/2

[Event "CRI-ch Phase 1.1"]
[White "Rodriguez Chaverri, David"]
[Black "Granados Ramirez, Carlos Ricardo"]
[Site "San Jose"]
[Round "9"]
[Result "1/2-1/2"]
[Date "2009.02.16"]
[WhiteElo "1968"]
[BlackElo "2150"]
[PlyCount "44"]
[EventDate "2009.01.31"]
[EventType "swiss"]
[EventRounds "9"]
[EventCountry "CRI"]
[SourceTitle "EXT 2024"]
[Source "ChessBase"]
[SourceDate "2023.10.10"]
[SourceVersion "1"]
[SourceVersionDate "2023.10.10"]
[SourceQuality "1"]

1. c4 f5 2. g3 Nf6 3. Bg2 g6 4. Nc3 Bg7 5. d3 Nc6 6. e4 d6 7. Nge2 0-0 8. 0-0 e5 9. h3 Nh5 10. exf5 gxf5 11. f4 Be6 12. Nd5 Rb8 13. Kh2 Nf6 14. Qa4 Nd7 15. Qc2 Nd4 16. Qd1 c6 17. Ndc3 Kh8 18. Rb1 Bf7 19. fxe5 dxe5 20. Nxd4 exd4 21. Ne2 Bh5 22. Bf3 Bxf3 1/2-1/2

[Event "CRI-ch Phase 1.1"]
[White "Granados Ramirez, Carlos Ricardo"]
[Black "Alvarez Hernandez, David"]
[Site "San Jose"]
[Round "4"]
[Result "1/2-1/2"]
[Date "2009.02.07"]
[WhiteElo "2150"]
[BlackElo "1972"]
[PlyCount "39"]
[EventDate "2009.01.31"]
[EventType "swiss"]
[EventRounds "9"]
[EventCountry "CRI"]
[SourceTitle "EXT 2024"]
[Source "ChessBase"]
[SourceDate "2023.10.10"]
[SourceVersion "1"]
[SourceVersionDate "2023.10.10"]
[SourceQuality "1"]

1. d4 Nf6 2. c4 g6 3. Nc3 Bg7 4. e4 d6 5. f3 a6 6. Be3 c6 7. a4 a5 8. Bd3 Na6 9. Nge2 e5 10. d5 0-0 11. 0-0 Nd7 12. Bc2 Ndc5 13. Kh1 f5 14. exf5 gxf5 15. f4 e4 16. Ng3 Nb4 17. Nh5 Bh6 18. Qe2 Nxc2 19. Qxc2 Qh4 20. Qe2 1/2-1/2

[Event "CRI-ch Phase1 72nd"]
[White "Granados Ramirez, Carlos Ricardo"]
[Black "Aguilar, Luis"]
[Site "Moravia"]
[Round "4"]
[Result "1/2-1/2"]
[Date "2008.05.20"]
[WhiteElo "2201"]
[BlackElo "1966"]
[PlyCount "49"]
[EventDate "2008.05.17"]
[EventType "swiss"]
[EventRounds "9"]
[EventCountry "CRI"]
[SourceTitle "EXT 2009"]
[Source "ChessBase"]
[SourceDate "2008.11.26"]
[SourceVersion "1"]
[SourceVersionDate "2008.11.26"]
[SourceQuality "1"]

1. e4 c5 2. Nf3 e6 3. c3 d5 4. exd5 exd5 5. d4 cxd4 6. Nxd4 Nf6 7. Bb5+ Bd7 8. 0-0 Be7 9. Bg5 0-0 10. Nd2 Nc6 11. N2b3 Rc8 12. Bd3 Ne5 13. Re1 Nxd3 14. Qxd3 h6 15. Bh4 Re8 16. Rad1 Ne4 17. Bxe7 Rxe7 18. Re2 Nf6 19. Rde1 Rxe2 20. Qxe2 Qb6 21. f3 a5 22. Qf2 a4 23. Nc1 a3 24. Ncb3 axb2 25. Qxb2 1/2-1/2

[Event "CRI-ch 68th"]
[White "Leandro Perez, Jhonny"]
[Black "Granados Ramirez, Carlos Ricardo"]
[Site "San Jose"]
[Round "11"]
[Result "0-1"]
[Date "2005.07.12"]
[WhiteElo "2133"]
[BlackElo "2225"]
[PlyCount "66"]
[EventDate "2005.07.02"]
[EventType "tourn"]
[EventRounds "13"]
[EventCountry "CRI"]
[SourceTitle "CBM 107 Extra"]
[Source "ChessBase"]
[SourceDate "2005.09.01"]
[SourceVersion "1"]
[SourceVersionDate "2005.09.01"]
[SourceQuality "1"]

1. e4 d5 2. d4 c6 3. Nd2 dxe4 4. Nxe4 Nd7 5. Bc4 e6 6. f4 Ngf6 7. Ng3 Nb6 8. Bb3 c5 9. Qe2 cxd4 10. Nf3 Be7 11. Bd2 0-0 12. 0-0 Bc5 13. Kh1 Nbd5 14. Rad1 Ng4 15. Ne4 Bb6 16. Nfg5 Ngf6 17. Rf3 Nxe4 18. Nxe4 Bd7 19. Rg3 Nf6 20. Bb4 Nxe4 21. Qxe4 Re8 22. Qe5 g6 23. c3 Bc6 24. f5 Bc7 25. Qe2 exf5 26. Qf2 Bxg3 27. Qxg3 Qf6 28. cxd4 f4 29. Qh3 f3 30. d5 f2 31. Bc4 Bxd5 32. Bc3 Re1+ 33. Rxe1 fxe1Q+ 0-1

[Event "CRI-ch 68th"]
[White "Granados Ramirez, Carlos Ricardo"]
[Black "Alfaro Murillo, Carlos Andres"]
[Site "San Jose"]
[Round "6"]
[Result "1-0"]
[Date "2005.07.07"]
[WhiteElo "2225"]
[BlackElo "1931"]
[PlyCount "69"]
[EventDate "2005.07.02"]
[EventType "tourn"]
[EventRounds "13"]
[EventCountry "CRI"]
[SourceTitle "CBM 107 Extra"]
[Source "ChessBase"]
[SourceDate "2005.09.01"]
[SourceVersion "1"]
[SourceVersionDate "2005.09.01"]
[SourceQuality "1"]

1. Nf3 c5 2. c3 Nf6 3. d4 e6 4. Bg5 d5 5. Nbd2 Nbd7 6. e3 Be7 7. Bd3 b6 8. 0-0 Bb7 9. Qb1 h6 10. Bf4 g5 11. Bg3 g4 12. Ne5 c4 13. Bc2 h5 14. b3 h4 15. Bf4 Nh5 16. bxc4 Nxf4 17. exf4 Nxe5 18. fxe5 dxc4 19. Qb5+ Kf8 20. Be4 Qc7 21. Rae1 Rc8 22. f3 a6 23. Qb1 g3 24. f4 gxh2+ 25. Kxh2 f5 26. exf6 Bd6 27. Bxb7 Bxf4+ 28. Kg1 h3 29. Rxf4 Qxf4 30. Qb4+ Rc5 31. Qxb6 Qxd2 32. Qd8+ Kf7 33. Qe7+ Kg6 34. Qg7+ Kf5 35. Rf1+ 1-0

[Event "CRI-ch 68th"]
[White "Granados Ramirez, Carlos Ricardo"]
[Black "Hernandez Basante, Francisco"]
[Site "San Jose"]
[Round "2"]
[Result "1/2-1/2"]
[Date "2005.07.03"]
[WhiteElo "2225"]
[BlackElo "2265"]
[PlyCount "22"]
[EventDate "2005.07.02"]
[EventType "tourn"]
[EventRounds "13"]
[EventCountry "CRI"]
[SourceTitle "CBM 107 Extra"]
[Source "ChessBase"]
[SourceDate "2005.09.01"]
[SourceVersion "1"]
[SourceVersionDate "2005.09.01"]
[SourceQuality "1"]

1. d4 Nf6 2. Nf3 e6 3. c4 b6 4. a3 d5 5. Nc3 Bd6 6. Bg5 Bb7 7. cxd5 exd5 8. Ne5 0-0 9. e3 Re8 10. Ng4 Be7 11. Bxf6 Bxf6 1/2-1/2

[Event "CRI-ch 68th"]
[White "Granados Ramirez, Carlos Ricardo"]
[Black "Gonzalez Acosta, Bernal Manuel"]
[Site "San Jose"]
[Round "1"]
[Result "0-1"]
[Date "2005.07.02"]
[WhiteElo "2225"]
[BlackElo "2405"]
[PlyCount "88"]
[EventDate "2005.07.02"]
[EventType "tourn"]
[EventRounds "13"]
[EventCountry "CRI"]
[SourceTitle "CBM 107 Extra"]
[Source "ChessBase"]
[SourceDate "2005.09.01"]
[SourceVersion "1"]
[SourceVersionDate "2005.09.01"]
[SourceQuality "1"]

1. d4 Nf6 2. c4 c5 3. d5 e6 4. Nc3 exd5 5. cxd5 d6 6. e4 a6 7. Bg5 g6 8. a4 h6 9. Bh4 Bg7 10. Bd3 0-0 11. Nge2 Nbd7 12. 0-0 Rb8 13. f3 Ne5 14. Bf2 Nfd7 15. Rb1 Qc7 16. b3 Nxd3 17. Qxd3 Ne5 18. Qd2 Kh7 19. h3 b5 20. axb5 axb5 21. f4 Nd7 22. b4 Re8 23. Rfc1 Ba6 24. Kh1 Rbc8 25. Bg1 Qd8 26. Ra1 cxb4 27. Rxa6 bxc3 28. Nxc3 Nf6 29. Bb6 Qe7 30. Ra7 Qf8 31. e5 dxe5 32. d6 b4 33. d7 bxc3 34. Rxc3 Nxd7 35. Rxc8 Rxc8 36. Qxd7 Rb8 37. Be3 Rb3 38. Bd2 Rb1+ 39. Kh2 Rd1 40. Qd5 exf4 41. Rxf7 Qg8 42. Qa2 Kh8 43. Ra7 Qxa2 44. Rxa2 Be5 0-1

[Event "CRI-ch qual"]
[White "Gonzalez Acosta, Jaime Roy"]
[Black "Granados Ramirez, Carlos Ricardo"]
[Site "San Jose"]
[Round "4"]
[Result "0-1"]
[Date "2005.06.15"]
[WhiteElo "2099"]
[BlackElo "2202"]
[PlyCount "67"]
[EventDate "2005.06.??"]
[EventType "swiss"]
[EventRounds "9"]
[EventCountry "CRI"]
[SourceTitle "EXT 2006"]
[Source "ChessBase"]
[SourceDate "2005.11.24"]
[SourceVersion "1"]
[SourceVersionDate "2005.11.24"]
[SourceQuality "1"]

1. d4 Nf6 2. c4 g6 3. Nc3 Bg7 4. e4 d6 5. f3 0-0 6. Bg5 c5 7. d5 e6 8. Qd2 exd5 9. Nxd5 Be6 10. Bd3 Bxd5 11. cxd5 a6 12. a4 Nbd7 13. Ne2 h6 14. Bf4 Qe7 15. 0-0 Ne5 16. Nc3 Nxd3 17. Qxd3 b6 18. Rad1 Nd7 19. Rfe1 Rfc8 20. Qd2 Kh7 21. Bg3 Qf8 22. Re2 h5 23. Rde1 Bh6 24. Qc2 Qe7 25. h3 h4 26. Bh2 Qf6 27. Nd1 b5 28. Nf2 Ne5 29. Ng4 Nxg4 30. hxg4 Bf4 31. Bxf4 Qxf4 32. axb5 axb5 33. Qd3 b4 34. e5 0-1

[Event "CRI-ch qual"]
[White "Zoghaib Chaktura, Charbel"]
[Black "Granados Ramirez, Carlos Ricardo"]
[Site "San Jose"]
[Round "2"]
[Result "1/2-1/2"]
[Date "2005.06.12"]
[WhiteElo "2002"]
[BlackElo "2202"]
[PlyCount "70"]
[EventDate "2005.06.??"]
[EventType "swiss"]
[EventRounds "9"]
[EventCountry "CRI"]
[SourceTitle "EXT 2006"]
[Source "ChessBase"]
[SourceDate "2005.11.24"]
[SourceVersion "1"]
[SourceVersionDate "2005.11.24"]
[SourceQuality "1"]

1. d4 Nf6 2. c4 g6 3. Nc3 Bg7 4. e4 d6 5. f3 0-0 6. Be3 e5 7. d5 Nh5 8. Qd2 f5 9. Bd3 a6 10. Nge2 Nd7 11. Bc2 Kh8 12. Bg5 Qe8 13. 0-0-0 fxe4 14. Nxe4 Qf7 15. Be3 Nf4 16. N2c3 b5 17. Ng5 Qe7 18. Bxf4 Rxf4 19. Ne6 Rxc4 20. Bb3 Rh4 21. g3 Rh5 22. g4 Bh6 23. f4 Rh3 24. g5 Bg7 25. Nxc7 Nc5 26. Nxa8 Bb7 27. Bc2 Bxa8 28. f5 gxf5 29. Bxf5 Rh4 30. Rhe1 Rh5 31. Rg1 Rh4 32. Rde1 e4 33. Rg4 Rxg4 34. Bxg4 b4 35. Nd1 Qe5 1/2-1/2

[Event "San Jose zt 2.3.c2"]
[White "Bravo, William"]
[Black "Granados Ramirez, Carlos Ricardo"]
[Site "San Jose"]
[Round "9"]
[Result "1-0"]
[Date "2004.09.12"]
[WhiteElo "2152"]
[BlackElo "2241"]
[PlyCount "55"]
[EventDate "2004.09.05"]
[EventType "swiss"]
[EventRounds "9"]
[EventCountry "CRI"]
[SourceTitle "CBM 102 Extra"]
[Source "ChessBase"]
[SourceDate "2004.11.03"]
[SourceVersion "1"]
[SourceVersionDate "2004.11.03"]
[SourceQuality "1"]

1. d4 Nf6 2. c4 g6 3. Nc3 Bg7 4. e4 d6 5. Be2 0-0 6. Nf3 e5 7. dxe5 dxe5 8. Qxd8 Rxd8 9. Bg5 Re8 10. 0-0-0 Nbd7 11. Nb5 Rf8 12. Nxc7 Rb8 13. Be3 b6 14. Nd5 Bb7 15. Nd2 Rfe8 16. f3 Nf8 17. Nb3 Ne6 18. Rd2 Rbc8 19. Kb1 Nd7 20. Rhd1 Ndc5 21. Nxc5 bxc5 22. Bd3 Bc6 23. h4 h5 24. Bg5 Bxd5 25. cxd5 Nxg5 26. hxg5 Bf8 27. d6 Bxd6 28. Bb5 1-0

[Event "San Jose zt 2.3.c2"]
[White "Granados Ramirez, Carlos Ricardo"]
[Black "Guillen Ramirez, Jose Antonio"]
[Site "San Jose"]
[Round "8"]
[Result "1/2-1/2"]
[Date "2004.09.11"]
[WhiteElo "2241"]
[BlackElo "2301"]
[PlyCount "102"]
[EventDate "2004.09.05"]
[EventType "swiss"]
[EventRounds "9"]
[EventCountry "CRI"]
[SourceTitle "CBM 102 Extra"]
[Source "ChessBase"]
[SourceDate "2004.11.03"]
[SourceVersion "1"]
[SourceVersionDate "2004.11.03"]
[SourceQuality "1"]

1. e4 c5 2. c3 Nf6 3. e5 Nd5 4. d4 cxd4 5. Nf3 Nc6 6. Bc4 Nb6 7. Bb3 d5 8. exd6 Qxd6 9. 0-0 Be6 10. Na3 Bxb3 11. Qxb3 Qd5 12. Nb5 Qxb3 13. axb3 Kd7 14. Nfxd4 Nxd4 15. Nxd4 e5 16. Nf3 f6 17. Be3 Be7 18. Ra5 Kc6 19. Rd1 Rhd8 20. Rxd8 Rxd8 21. Kf1 a6 22. Ke2 Nd5 23. b4 Nxe3 24. fxe3 Rd5 25. Ra1 Bd8 26. e4 Rd7 27. g4 g6 28. h4 Kd6 29. Rh1 Ke6 30. h5 f5 31. hxg6 fxg4 32. gxh7 gxf3+ 33. Kxf3 Bf6 34. h8Q Bxh8 35. Rxh8 Rd2 36. Rh7 Rxb2 37. Rxb7 Rb3 38. Rb6+ Kd7 39. Kg4 Rxc3 40. Kf5 Ra3 41. Kxe5 a5 42. bxa5 Rxa5+ 43. Kf6 Rh5 44. Rb7+ Ke8 45. Rg7 Rh6+ 46. Ke5 Ra6 47. Kf5 Rb6 48. Rg6 Rxg6 49. Kxg6 Ke7 50. Kf5 Kf7 51. e5 Ke7 1/2-1/2

[Event "CRI-ch"]
[White "Granados Ramirez, Carlos Ricardo"]
[Black "Valdes Romero, Leonardo"]
[Site "San Jose"]
[Round "12"]
[Result "1/2-1/2"]
[Date "2004.07.17"]
[WhiteElo "2241"]
[BlackElo "2370"]
[PlyCount "76"]
[EventDate "2004.07.05"]
[EventType "tourn"]
[EventRounds "13"]
[EventCountry "CRI"]
[SourceTitle "EXT 2005"]
[Source "ChessBase"]
[SourceDate "2004.11.15"]
[SourceVersion "1"]
[SourceVersionDate "2004.11.15"]
[SourceQuality "1"]

1. d4 Nf6 2. c4 g6 3. Nc3 Bg7 4. e4 d6 5. f3 0-0 6. Bg5 c5 7. d5 e6 8. Qd2 exd5 9. cxd5 a6 10. a4 Nbd7 11. Nh3 h6 12. Be3 Nh7 13. Nf2 h5 14. Be2 b6 15. 0-0 Ne5 16. Rab1 f5 17. h3 Nd7 18. exf5 gxf5 19. f4 Qe8 20. Rfe1 Ra7 21. Bc4 Qg6 22. Kh1 h4 23. Nfd1 Ndf6 24. b4 Rc7 25. bxc5 bxc5 26. Rb6 Rd8 27. Bxa6 Nd7 28. Rc6 Rxc6 29. dxc6 Bxa6 30. cxd7 Nf8 31. Nd5 Rxd7 32. Bf2 Bf6 33. Kh2 Bb7 34. Rg1 Bd4 35. g4 Kh7 36. Bxd4 Bxd5 37. Ne3 Ba8 38. Bb2 d5 1/2-1/2

[Event "CRI-ch"]
[White "Granados Ramirez, Carlos Ricardo"]
[Black "Jimenez Molina, Juan Leon"]
[Site "San Jose"]
[Round "1"]
[Result "1/2-1/2"]
[Date "2004.07.05"]
[WhiteElo "2241"]
[BlackElo "2176"]
[PlyCount "47"]
[EventDate "2004.07.05"]
[EventType "tourn"]
[EventRounds "13"]
[EventCountry "CRI"]
[SourceTitle "EXT 2005"]
[Source "ChessBase"]
[SourceDate "2004.11.15"]
[SourceVersion "1"]
[SourceVersionDate "2004.11.15"]
[SourceQuality "1"]

1. e4 c6 2. d4 d5 3. exd5 cxd5 4. c4 Nf6 5. Nc3 g6 6. cxd5 Bg7 7. Bb5+ Nbd7 8. d6 exd6 9. Qe2+ Qe7 10. Bf4 Qxe2+ 11. Bxe2 Ke7 12. Nf3 Nb6 13. 0-0 Nbd5 14. Bg5 Nxc3 15. bxc3 h6 16. Bf4 Rd8 17. c4 Kf8 18. Rab1 b6 19. Nd2 Bf5 20. Rb3 Ne4 21. Nf3 g5 22. Be3 Rac8 23. h3 Rc7 24. g4 1/2-1/2